000 00531cam a2200145 4500500
005 20260301001757.0
041 _afre
042 _adc
100 1 0 _aBohnert, Céline
_eauthor
245 0 0 _aFélix de Azúa , L’Heure du choix , Traduit de l’espagnol (Mexique) par Eric Beaumartin. Seuil, 2004, 348 pages, 21 €
260 _c2005.
500 _a3
786 0 _nÉtudes | 402 | 2 | 2005-02-01 | p. VIII-VIII | 0014-1941
856 4 1 _uhttps://shs.cairn.info/revue-etudes-2005-2-page-VIII?lang=fr&redirect-ssocas=7080
999 _c1674247
_d1674247